| 000 | 00350nam a2200133Ia 4500 | ||
|---|---|---|---|
| 008 | 240624s9999 xx 000 0 und d | ||
| 041 | _aeng | ||
| 082 | _a900 KEL | ||
| 100 | _aKELLY EAMONY | ||
| 245 | _aPOWERFUL TIMES RISING TO THE CHALLENGE O | ||
| 260 |
_c2006 _aNew Delhi _bPearson Education |
||
| 300 | _axxii, : 342 : p. : cm. ; 26 | ||
| 365 | _cRS | ||
| 999 |
_c3676 _d3676 |
||